000 00685nam a2200205Ia 4500
005 20250508170035.0
008 008 250505s9999 xx 000 0 eng d
020 _a0-340-43042-7
037 _aTextual
040 _aFEDL
_beng
_cFEDL
041 _aeng
_2eng
084 _a574, BHA
_qFEDL
100 _aBhatia K N
_9636885
245 0 _aTrueman's elementary biology: A complete text book, V. 2: For 12th class of 10+2 and various competitive examinations
260 _aNew Delhi, India
_bTrueman Book Company
_c2009
546 _aPhotocopy and gifted by Prof. Anita Rampal
700 _a Tyagi M P
_9782806
942 _cTEXL
_h574, BHA
999 _c1398858
_d1398858